000 00455nam a22001577a 4500
005 20250613102907.0
008 250613b |||||||| |||| 00| 0 eng d
020 _a9789393875921
100 _aTHG Publishing Pvt. Ltd.
245 _aThe Hindu Book of Editorials 2024
_bA Curated Selection
_cTHG Publishing Pvt. Ltd.
250 _a1st
260 _aChennai
_bTHG Publishing Pvt. Ltd.
_c2024
650 _vGeneral
_xGeneral
942 _cBK
999 _c249371
_d249371